| Tag |
First Indicator |
Second Indicator |
Subfields |
| LEADER |
00000cam a2200000 i 4500 |
| 001 |
in00004579721 |
| 008 |
211013t20222022enk b 001 0 eng |
| 005 |
20230619132356.5 |
| 010 |
|
|
|a 2021043334
|
| 019 |
|
|
|a 1277180574
|
| 020 |
|
|
|a 9780367754815
|q hardcover
|
| 020 |
|
|
|a 0367754819
|q hardcover
|
| 020 |
|
|
|a 9780367754822
|q paperback
|
| 020 |
|
|
|a 0367754827
|q paperback
|
| 020 |
|
|
|z 9781003162629
|q electronic book
|
| 024 |
8 |
|
|a 99990683150
|
| 035 |
|
|
|a (OCoLC)1275431808
|z (OCoLC)1277180574
|
| 040 |
|
|
|a DLC
|b eng
|e rda
|c DLC
|d OCLCF
|d OCLCO
|d YDX
|
| 042 |
|
|
|a pcc
|
| 043 |
|
|
|a n-us---
|
| 050 |
0 |
0 |
|a PS153.I52
|b B38 2022
|
| 082 |
0 |
0 |
|a 810.9/897
|2 23/eng/20211013
|
| 100 |
1 |
|
|a Baudemann, Kristina,
|e author.
|
| 245 |
1 |
4 |
|a The future imaginary in indigenous North American arts and literatures /
|c Kristina Baudemann.
|
| 264 |
|
1 |
|a Abingdon, Oxon ;
|a New York, NY :
|b Routledge, Taylor & Francis Group,
|c 2022.
|
| 264 |
|
4 |
|c ©2022
|
| 300 |
|
|
|a 237 pages ;
|c 25 cm.
|
| 336 |
|
|
|a text
|b txt
|2 rdacontent
|
| 337 |
|
|
|a unmediated
|b n
|2 rdamedia
|
| 338 |
|
|
|a volume
|b nc
|2 rdacarrier
|
| 490 |
1 |
|
|a Routledge research in transnational indigenous perspectives
|
| 504 |
|
|
|a Includes bibliographical references and index.
|
| 505 |
0 |
|
|a Introduction: "turning our backs on Mars" -- futures seen through the window of an indigenous starship -- Futureanalysis: toward a critical paradigm -- Apocryphal futures: indegenous and other archives -- Part I: (Un)writing the future: textual imaginaries -- Apocalypse and the archive in Gerald Vizenor's Future World novels -- Textuality and futurity in Stephen Graham Jones's The fast red road, The bird is gone, and Ledfeather -- Part II; (Dis)Simulating the future: imaginaries in cyberspace -- The future is technological: virtual archives in Skawennati's Timetraveller -- The future is soverign: post-American imaginaries in 2167 -- The future is female: Skawennati's She falls for ages and The peacemaker returns -- Conclusion: the future as a strategy.
|
| 520 |
|
|
|a "This book examines the future in Indigenous North American speculative literature and digital arts. Asking how different Indigenous works imagine the future and how they negotiate settler colonial visions of what is to come, the chapters illustrate that the future is not an immutable entity but a malleable textual/digital product that can function as both a colonial tool and a catalyst for decolonization. Central to this study is the development of a methodology that helps unearth the signifying structures producing the future in selected works by Darcie Little Badger, Gerald Vizenor, Stephen Graham Jones, Skawennati, Danis Goulet, Scott Benesiinaabandan, Postcommodity, Kite, Jeff Barnaby, and Ryan Singer. Drawing on Jason Lewis's 'future imaginary' as the theoretical core, the book describes the various forms of textual representation and virtual simulation through which notions of Indigenous continuation are expressed in literary and new media works. Arguing that Indigenous authors and artists apply the aesthetics of the future as a strategy in their works, the volume conceptualizes its multimedia corpus as a continuously growing archive of, and for, Indigenous futures"--
|c Provided by publisher.
|
| 650 |
|
0 |
|a Science fiction, American
|x Indian authors
|x History and criticism.
|
| 650 |
|
0 |
|a American fiction
|x 21st century
|x History and criticism.
|
| 650 |
|
0 |
|a Science fiction, Canadian
|x Indian authors
|x History and criticism.
|
| 650 |
|
0 |
|a Canadian fiction
|x 21st century
|x History and criticism.
|
| 650 |
|
0 |
|a Indian art
|z North American.
|
| 650 |
|
0 |
|a Indian arts
|z Canadian
|y 21st century.
|
| 650 |
|
0 |
|a Indian arts
|z United States
|y 21st century.
|
| 650 |
|
6 |
|a Arts indiens d'AmeÌ?rique
|0 (CaQQLa)201-0210232
|z EÌ?tats-Unis
|0 (CaQQLa)201-0407727
|y 21e siècle.
|0 (CaQQLa)201-0373679
|
| 650 |
|
7 |
|a Indian art.
|2 fast
|0 (OCoLC)fst00969029
|
| 650 |
|
7 |
|a Indian arts.
|2 fast
|0 (OCoLC)fst00969042
|
| 651 |
|
7 |
|a United States.
|2 fast
|0 (OCoLC)fst01204155
|
| 648 |
|
7 |
|a 2000-2099
|2 fast
|
| 655 |
|
7 |
|a Criticism, interpretation, etc.
|2 fast
|0 (OCoLC)fst01411635
|
| 776 |
0 |
8 |
|i Online version:
|a Baudemann, Kristina.
|t Future imaginary in indigenous North American arts and literatures
|d Abingdon, Oxon ; New York : Routledge, 2022
|z 9781003162629
|w (DLC) 2021043335
|
| 830 |
|
0 |
|a Routledge research in transnational indigenous perspectives.
|
| 945 |
|
|
|b 326907
|
| 947 |
|
|
|a A14851581109
|
| 999 |
f |
f |
|s 74bfefbc-4698-4e85-ad17-908cfa0b69a2
|i 5675847e-5164-4654-a3fd-8191b707b26b
|t 0
|
| 952 |
f |
f |
|p normal
|a Texas A&M University
|b College Station
|c Sterling C. Evans Library
|d Evans: Library Stacks
|t 0
|e PS153.I52 B38 2022
|h Library of Congress classification
|i unmediated -- volume
|m A14851581109
|
| 998 |
f |
f |
|a PS153.I52 B38 2022
|t 0
|l Evans: Library Stacks
|